000 00303nam a22001337a 4500
008 170906b xxu||||| |||| 00| 0 eng d
020 _a0205084060
041 _aeng
080 _a72
100 _a41
101 _aARK
245 _aARCHITECTURAL DRAFTING AND DESIGN
_cWEIDHAAS, E.R
942 _2udc
_cBK
999 _c26241
_d26241